|
|
|
|
| LEADER |
00000nab a2200000 ar4500 |
| 001 |
vtls008703514 |
| 003 |
SK-MaSNL |
| 005 |
20260304135936.0 |
| 008 |
250505c2006 xo |||||||||||000 b|slo |
| 015 |
|
|
|a SNBRB2006/05
|2 snkbucl
|
| 035 |
|
|
|a (uuid)b30d2550-3d40-4998-b4a8-4208084ef0a9
|
| 035 |
|
|
|a urn:nbn:sk:snk-ab24f9
|
| 035 |
|
|
|a (urnnbn)urn:nbn:sk:snk:ar-a01lcj
|
| 038 |
|
|
|a SNKBUCL
|
| 040 |
|
|
|a SNKBUCL
|b slo
|c SNKBUCL
|e AACR2
|
| 041 |
0 |
|
|a slo
|
| 044 |
|
|
|a xo
|c SK
|
| 080 |
|
|
|a 672.71-051
|2 1997
|
| 100 |
1 |
|
|a Drábek, Alojz
|4 aut
|9 26329
|
| 245 |
1 |
0 |
|a Slovenský nožiar Anton Sedláček z Brezna
|c Alojz Drábek
|
| 300 |
|
|
|b Fotogr.
|
| 600 |
1 |
7 |
|a Sedláček, Anton
|2 snkbucl
|9 573232
|
| 600 |
1 |
7 |
|a Sedláček, Henrich
|2 snkbucl
|9 1455826
|
| 650 |
0 |
7 |
|a nožiarstvo
|2 snkbucl
|9 30446
|
| 773 |
0 |
|
|t Zbrane, strelci a lovci
|g Roč. VII, č. 1 (2006), s. 38-41
|x 1335-5740
|
| 850 |
|
|
|a Slovenská národná knižnica
|
| 852 |
|
|
|a Slovenská národná knižnica
|
| 954 |
|
|
|a odborná, vedecká literatúra pôvodná (slovenská)
|2 lita
|
| 958 |
|
|
|a article27
|
| 958 |
|
|
|a OND
|
| 958 |
|
|
|a EUIPO
|
| 999 |
|
|
|c 2912866
|d 2914796
|